000 00534nam a2200193Ia 4500
003 LDD
008 181029s9999 xx 000 0 und d
020 _a185468650X
_c295.00
040 _cLDD
100 _aAyoub Mahmoud M.
245 0 _aIslam
_bfaith and history
_cAyoub Mahmoud M.
260 _aEngland
_bOneworld
_c2006
300 _avii, 239p.
365 _b295.00
901 _a3843
_b14-02-2007
902 _a7422
_b27-02-2007
_cF
_dVIVA
_e31
903 _aDiscount-10
_bReqst by : Kapur, Tribhuwan (Dr.)
942 _2ddc
_cBK
999 _c78715
_d78715